Memorias de un hombre de acción / (Record no. 180249)

MARC details
000 -LEADER
campo de control de longitud fija 01494nam a2200253 i 4500
001 - NÚMERO DE CONTROL
campo de control 180249
003 - IDENTIFICADOR DE NÚMERO DE CONTROL
campo de control ES-MaACL
005 - FECHA Y HORA DE LA ÚLTIMA TRANSACCIÓN
campo de control 20251012205003.0
008 - DATOS DE LONGITUD FIJA--INFORMACIÓN GENERAL
campo de control de longitud fija 120521m20072008sp c |||| |bspa d
020 ## - NÚMERO INTERNACIONAL ESTÁNDAR DEL LIBRO
Número Internacional Estándar del Libro 978-84-96452-50-3 (O. C.)
080 ## - NÚMERO DE LA CLASIFICACIÓN DECIMAL UNIVERSAL
Número de la Clasificación Decimal Universal 821.134.2-31"19"
100 1# - ENTRADA PRINCIPAL--NOMBRE DE PERSONA
Nombre de persona Baroja, Pío,
Fechas asociadas al nombre 1872-1956
9 (RLIN) 25752
245 10 - MENCIÓN DEL TÍTULO
Título Memorias de un hombre de acción /
Mención de responsabilidad, etc. Pío Baroja ; prólogo de Pío Caro Baroja.
260 ## - PUBLICACIÓN, DISTRIBUCIÓN, ETC.
Lugar de publicación, distribución, etc. Madrid :
Nombre del editor, distribuidor, etc. Fundación José Antonio de Castro,
Fecha de publicación, distribución, etc. [2007-2008]
300 ## - DESCRIPCIÓN FÍSICA
Extensión 3 v. (XXXVIII, 1426; XXXVI, 1492; XXXIV, 1101 p.) :
Otras características físicas retr. autor ;
Dimensiones 23 cm.
490 1# - MENCIÓN DE SERIE
Mención de serie Biblioteca Castro
505 8# - NOTA DE CONTENIDO CON FORMATO
Nota de contenido con formato Contiene: Vol. 1 El aprendiz de conspirador; El escuadron del brigante; Los caminos del mundo; Con la pluma y con el sable; Los recursos de la astucia; La ruta del aventurero; Los contrastes de la vida -- Vol. 2: La veleta de Gastizar; Los caudillos de 1830; La Isabelina; El sabor de la venganza; Las furias; El amor, el dantismo y la intriga; Las figuras de cera; La nave de los locos.-- Vol. 3: Las mascaradas sangrientas; Humano enigma; La senda dolorosa; Los confidentes audaces; La venta de Mirambel; Crónica escandalosa; Desde el principio hasta el fin
600 17 - PUNTO DE ACCESO ADICIONAL DE MATERIA--NOMBRE DE PERSONA
Nombre de persona Aviraneta, Eugenio de,
Fechas asociadas al nombre 1792-1872-
Subdivisión de forma Novelas
Fuente del encabezamiento o término
9 (RLIN) 166814
651 #4 - PUNTO DE ACCESO ADICIONAL DE MATERIA--NOMBRE GEOGRÁFICO
Nombre geográfico España-
Subdivisión general Historia-
Subdivisión cronológica 1833-1876, Guerras carlistas-
Subdivisión de forma Novelas.
9 (RLIN) 8255
700 1# - ENTRADA AGREGADA--NOMBRE PERSONAL
Nombre de persona Caro Baroja, Pío,
Fechas asociadas al nombre 1928-2015
9 (RLIN) 35406
830 0# - PUNTO DE ACCESO ADICIONAL DE SERIE-TÍTULO UNIFORME
Título uniforme Biblioteca Castro
9 (RLIN) 178957
852 ## - LOCALIZACIÓN
Ubicación ES-MaACL
Número de control de estantería L-29873-75
Holdings
Estatus retirado Estado de pérdida Estado de daño No para préstamo Biblioteca de origen Biblioteca actual Ubicación en estantería Fecha de adquisición Fuente de adquisición Total de préstamos Signatura topográfica completa Código de barras Visto por última vez Precio de reemplazo Tipo de ítem Koha
        Biblioteca del Ateneo de Madrid Biblioteca del Ateneo de Madrid Depósito 2 21/05/2012     L-29873-75 1189398 23/02/2023 23/02/2023 Libro impreso